000
00224 a2200097 4500
001
2639
100
_a
Simmons, E-J
245
_a
Russian fiction & soviet ideology
260
_a
_b
Columbia university
_c
090
_c
1935
_d
1935
942
_a
NUST-CAE
_c
M
_c
10391
999
_c
237712
_d
237712